000 00557nam a22001817a 4500
999 _c4458
_d4458
003 DO-SdBJH
005 20180725175007.0
008 180725b ||||| |||| 00| 0 spa d
020 _a90-6648-674-0
040 _aDO-SdBJH
_bspa
_cDO-SdBJH
082 _22a. edición
_a463
_b V995d 1996
100 _aVuyk-Bosdriesz, Johanna
245 _aWolters' ster woordenboek Spaans-Nederlands /
_cJohanna Vuyk-Bosdriesz
300 _a467 páginas
490 _aWolters' ster woordenboek
650 _aEspañol- diccionario-holandés
942 _2ddc
_cBK